Populous Coastal Cities Quiz Stats

 Plays Quiz Updated Jun 2, 2012

Score 0/30 Timer 07:00
7 Plays Today
Coastal City Country % Correct
St. PetersburgRussia
98.2%
BarcelonaSpain
97.8%
VancouverCanada
96.7%
Cape TownSouth Africa
96.5%
LiverpoolUnited Kingdom
96.3%
MarseilleFrance
94.1%
Tel AvivIsrael
91.8%
TijuanaMexico
90.4%
Rio de JaneiroBrazil
89.7%
AlexandriaEgypt
89.5%
Port SudanSudan
86.4%
RotterdamNetherlands
86.1%
OdessaUkraine
71.8%
GdańskPoland
71.1%
JeddahSaudi Arabia
65.5%
Coastal City Country % Correct
Busan South Korea
63.3%
MombasaKenya
58.8%
ConcepciónChile
58.6%
SplitCroatia
53.8%
KielGermany
53%
Ch'ŏngjinNorth Korea
46.7%
BarranquillaColombia
45.9%
ChittagongBangladesh
41.8%
Bandar-e ‘AbbāsIran
39.4%
ConstanțaRomania
36.4%
VarnaBulgaria
31.8%
KlangMalaysia
29.5%
LatakiaSyria
25.5%
ToamasinaMadagascar
19.6%
Pointe-NoireRepublic of Congo
11.6%

You're not logged in!

Compare scores with friends on all Sporcle quizzes.
Join for Free
OR
Log In

You Might Also Like...

Show Comments

Extras

Top Quizzes Today


Score Distribution

Your Account Isn't Verified!

In order to create a playlist on Sporcle, you need to verify the email address you used during registration. Go to your Sporcle Settings to finish the process.

Report this User

Report this user for behavior that violates our Community Guidelines.

Details: